Katalog der deutschen Eisenbahnmarken (Record no. 2036)

000 -LEADER
fixed length control field 00293nam a22000977a 4500
008 - FIXED-LENGTH DATA ELEMENTS--GENERAL INFORMATION
fixed length control field 160603b xxu||||| |||| 00| 0 eng d
100 ## - MAIN ENTRY--AUTHOR'S NAME
Author's Name Dusterbehn, H.
245 ## - TITLE STATEMENT
Title Katalog der deutschen Eisenbahnmarken
260 ## - PUBLICATION, DISTRIBUTION, ETC. (IMPRINT)
Place of publication, distribution, etc. Oldenburg i. Gr., Germany
Name of publisher, distributor, etc. H. Dusterbehn
Date of publication, distribution, etc. 1950
650 ## - TOPICAL TERM (Tag)
Topical term or geographic name Germany | Railway Mail
Holdings
Withdrawn status Lost status Source of classification or shelving scheme Damaged status Koha normalized classification for sorting Not for loan Permanent Location Current Location Date acquired Total Checkouts Full call number Barcode Date last seen Price effective from
        G6081 R154 D974   Northern Philatelic Library Northern Philatelic Library 06/03/2016   G6081 R154 D974 1002367 06/03/2016 06/03/2016

Powered by Koha